000 00253nam a22001097a 4500
008 170124b xxu||||| |||| 00| 0 eng d
020 _a0721613012
041 _aeng
080 _a618.2
245 _aEMT PREHOSPITAL CARE
_cHENRY STAPLETON
942 _2udc
_cBK
999 _c3422
_d3422